Múzeum Zimného prístavu - Bratislava

Gespeichert in:
Bibliographische Detailangaben
1. Verfasser: Trecáková, Veronika (Verfasst von)
Weitere Verfasser: Hajtmanek, Roman (Betreuung Doktorarbeit)
Format: Manuskript Buch
Sprache:Slowakisch
Veröffentlicht: Bratislava 2023
Schlagworte:
Online-Zugang:http://is.stuba.sk/zp/portal_zp.pl?podrobnosti=155681
Tags: Tag hinzufügen
Keine Tags, Fügen Sie das erste Tag hinzu!

MARC

LEADER 00000ntm a22000003a 4500
001 stuzp94001
003 SK-STU
005 20231005064526.0
007 ta
008 150427s2015----xo-----f-mn---000-0-slo-d
040 |a STU  |b slo 
041 0 |a slo 
100 1 |a Trecáková, Veronika  |u 052120  |4 aut  |U FAD Fakulta architektúry a dizajnu  |T FAD Ústav ekologickej a experimentálnej architektúry  |X 103612  |U A2120  |Y 393  |7 103612 
242 0 1 |a Museum of Winter Harbour - Bratislava  |y eng 
245 1 0 |a Múzeum Zimného prístavu - Bratislava 
260 |c 2023  |a Bratislava 
650 4 |a múzeum  |2 slo 
650 4 |a zimný prístav  |2 slo 
650 4 |a konverzia  |2 slo 
650 4 |a museum  |2 eng 
650 4 |a conversion  |2 eng 
650 4 |a winter harbon  |2 eng 
700 1 |a Hajtmanek, Roman  |u 052120  |k Z1  |4 ths  |U FAD Fakulta architektúry a dizajnu  |T FAD Ústav ekologickej a experimentálnej architektúry  |X 43313  |U A2120  |Y 393  |7 A000043313 
856 4 |u http://is.stuba.sk/zp/portal_zp.pl?podrobnosti=155681  |u https://opac.crzp.sk/?fn=detailBiblioForm&sid=C03CB0FBA6588971D13C21D1B6BF